000 00427nam a2200181Ia 4500
008 100917s9999 xx 000 0 und d
082 _b57340
100 _aकदम बाबा
245 _aगजरा
260 _bचं. शेट्ये मं.
_c1977
300 _a168
365 _b22
520 _aकथा
630 _aगजरा
650 _aकथा
730 _aगजरा
942 _cBOOK
999 _c662734
_d662731